| 000 | 00425nam a22001697a 4500 | ||
|---|---|---|---|
| 003 | OSt | ||
| 005 | 20211014102127.0 | ||
| 008 | 211014b |||||||| |||| 00| 0 eng d | ||
| 020 | _a0-069-5695-2 | ||
| 040 | _cHawassa University | ||
| 050 | _a627/DAN | ||
| 082 | _a627/DAN | ||
| 100 |
_aDandeker ,M.M. _913536 |
||
| 245 | _aWater power engineering | ||
| 260 |
_aNew Delhi _bVikas publishing _c1990 |
||
| 942 |
_2ddc _cBOOKS _n0 |
||
| 999 |
_c12670 _d12670 |
||